| 000 | 00966nam a22002775a 4500 | ||
|---|---|---|---|
| 003 | EG-ScBUE | ||
| 005 | 20211130120114.0 | ||
| 008 | 170925s2016 ua f 000 f ara d | ||
| 017 | _a2016 / 2101 | ||
| 020 | _a9789777021043 | ||
| 040 |
_aEG-ScBUE _bara _erda _cEG-ScBUE _dEG-ScBUE |
||
| 082 | 0 | 4 |
_a892.737 _bم د ك _222 |
| 100 | 1 |
_aمدكور، صبري، _eمؤلف. |
|
| 245 | 1 | 2 |
_aالسلم الخلفي : _bرواية / _cصبري مدكور. |
| 264 | 1 |
_aالقاهرة : _bالدار للنشر والتوزيع، _c2016. |
|
| 300 |
_a347 صفحة ؛ _c20 سم |
||
| 336 |
_2rdacontent _aنص _btxt |
||
| 337 |
_2rdamedia _aبدون وسيط _bn |
||
| 338 |
_2rdacarrier _aمجلد _bnc |
||
| 541 | _aإهداء من د. مصطفى محمود كامل سعد الدين. | ||
| 650 | 7 |
_aالقصص العربية _zمصر _yقرن 21. _2BUEsh |
|
| 651 | _2BUEsh | ||
| 653 |
_bARALIT _bGGEN _cSeptember2017 |
||
| 655 |
_vReading book _934232 |
||
| 942 | _2ddc | ||
| 999 |
_c25454 _d25426 |
||